000 004270000a22001690004500
041 0 _aENG
082 0 4 _aG 370.1 D5191e
100 1 _aDewey, John (1859-1952)
245 1 0 _aExperience & education / John Dewey
260 _aNew York, NY., USA : MacMillan
300 _a91 Pag
001 9830
942 _cBK
999 _c39678
_d39678
336 _atexto
_btxt
_2rdacontent
337 _2rdamedia
_asin mediación
_bn
338 _2rdacarrier
_avolumen
_bnc